Normal view
MARC view
Entry Personal Name
001 - CONTROL NUMBER
- control field: 243984
003 - CONTROL NUMBER IDENTIFIER
- control field: OSt
005 - DATE AND TIME OF LATEST TRANSACTION
- control field: 20251105102445.0
008 - FIXED-LENGTH DATA ELEMENTS
- fixed length control field: 251105|| aca||aabn | a|a d
040 ## - CATALOGING SOURCE
- Original cataloging agency: OSt
- Transcribing agency: OSt
100 ## - HEADING--PERSONAL NAME
- Personal name: SONI (P L)
670 ## - SOURCE DATA FOUND
- Source citation: Work cat.: (OSt)97298: SONI (P L)., Text book of inorganic chemistry.Ed 20., 1994